Click to Translate - Pashto - Statistics

General Stats
  • This quiz has been taken 416 times
  • The average score is 5 of 20
Answer Stats
Hint Answer % Correct
English انګليسي (anegleysey)
86%
Door دروازه (darwaza)
56%
New نوی (nawy)
49%
Father پلار (pelar)
39%
Ten لس (les)
25%
Thank you مننه (manә́na)
25%
Young ځوان (zwan)
25%
Face مخ (mekh)
22%
Day ورځ (wraz)
21%
Friend ملګری (malgary)
20%
Tomorrow سبا (seba)
20%
Night شپه (shpa)
20%
Why ولې (walay)
20%
We موږ (moog)
19%
White سپین (spin)
19%
Life ژوند (jond)
18%
Summer اوړی (awra)
15%
Moon سپوږمۍ (sepwẓ̌məi)
13%
River سيند (seyned)
10%
World نړۍ (naṛә́i)
8%
No matching quizzes found
Score Distribution
Percent of People with Each Score
Percentile by Number Answered
Your Score History
You have not taken this quiz